| 000 | 00509nam a22001817a 4500 | ||
|---|---|---|---|
| 005 | 20241015082728.0 | ||
| 008 | 241015b |||||||| |||| 00| 0 eng d | ||
| 020 | _a9780639009872 | ||
| 041 | _aEnglish | ||
| 082 | _a345 SNY | ||
| 100 | _lEnglish | ||
| 245 |
_aSnyman's Criminal Law / _cSV Hoctor |
||
| 250 | _aSeventh Edition | ||
| 260 |
_aDurban: _bLexisNexis (Pty) Ltd, _c2020 |
||
| 300 |
_bx, 557 pages; _c25 cm. |
||
| 650 |
_aLegal practice _bLaw |
||
| 942 |
_cBK _6ALISON_BN_VRIES |
||
| 999 |
_c3222 _d3222 |
||